000
00262nam a2200109Ia 4500
008
220204s9999 xx 000 0 und d
082
_a
802
_b
STR
100
_a
Strevens, P
245
0
_a
English 901: A basic course
260
_a
London
_b
Cassell
_c
1964
942
_c
BK
999
_c
30384
_d
30384